Aktuálne trendy a prístupy k integrácií manažérskych systémov

Aktuálne trendy a prístupy k integrácií manažérskych systémov, pričom poukazuje na skutočnosť, že stupeň integrácie závisí od špecifických potrieb každej organizácie a organizácia si musí nájsť svoj vlastný spôsob čo najlepšej integrácie procesov pre dosiahnutie prínosov ako aj splnenia podnikateľsk...

Celý popis

Uložené v:
Podrobná bibliografia
Hlavný autor: Lusková, Mária
Ďalší autori: Buganová, Katarína
Médium: Kapitola
Jazyk:Slovak
Predmet:
Tagy: Pridať tag
Žiadne tagy, Buďte prvý, kto otaguje tento záznam!

MARC

LEADER 00000nla a2200000 4500
001 0190944
005 20240417075046.5
041 0 |a slo 
044 |a SK 
245 1 0 |a Aktuálne trendy a prístupy k integrácií manažérskych systémov  |c Mária Lusková, Katarína Buganová 
520 |a Aktuálne trendy a prístupy k integrácií manažérskych systémov, pričom poukazuje na skutočnosť, že stupeň integrácie závisí od špecifických potrieb každej organizácie a organizácia si musí nájsť svoj vlastný spôsob čo najlepšej integrácie procesov pre dosiahnutie prínosov ako aj splnenia podnikateľských potrieb. Prezentácia výhod a rizík, ktoré integrácia manažérskych systémov so sebou prináša. 
610 2 0 |a systémy integrované manažérske 
610 2 0 |a normy ISO 
610 2 0 |a certifikácia 
610 2 0 |a konkurencia 
610 2 0 |a riadenie podnikové 
100 1 |a Lusková, Mária 
700 1 |a Buganová, Katarína